Η μεσανατολική πολιτική του Κόμματος Δικαιοσύνης και Ανάπτυξης και οι αραβικές εξεγέρσεις : οι περιπτώσεις της Αιγύπτου και της Λιβύης : διπλωματική εργασία [μεταπτυχιακή εργασία]
Αποθηκεύτηκε σε:
| Κύριος συγγραφέας: | |
|---|---|
| Συγγραφή απο Οργανισμό/Αρχή: | |
| Άλλοι συγγραφείς: | |
| Μορφή: | Thesis Βιβλίο |
| Γλώσσα: | Greek |
| Δημοσίευση: |
2013
|
| Θέματα: | |
| Διαθέσιμο Online: | http://hdl.handle.net/11610/12326 |
| Ετικέτες: |
Προσθήκη ετικέτας
Δεν υπάρχουν, Καταχωρήστε ετικέτα πρώτοι!
|
MARC
| LEADER | 00000cam a2200000 i 4500 | ||
|---|---|---|---|
| 001 | 1/42668 | ||
| 008 | 140221s2013 gre d | ||
| 035 | |l 10116789 | ||
| 040 | |a GR-MY-UA |b gre |e aacr | ||
| 041 | 0 | |a gre | |
| 082 | 0 | |a 324.256 |2 (22) | |
| 100 | 1 | |a Αθανασόπουλος, Παναγιώτης Γ. | |
| 245 | 1 | 2 | |a Η μεσανατολική πολιτική του Κόμματος Δικαιοσύνης και Ανάπτυξης και οι αραβικές εξεγέρσεις : |b οι περιπτώσεις της Αιγύπτου και της Λιβύης : διπλωματική εργασία [μεταπτυχιακή εργασία] / |c Παναγιώτης Γ. Αθανασόπουλος ; επιβλέπουσα: Παρασκευή Κεφαλά |
| 260 | |c 2013 | ||
| 300 | |a 67 σ.; |c 30 εκ. | ||
| 500 | |a Μέλη εξεταστικής επιτροπής: Σακκάς Ιωάννης, Τσάκωνας Παναγιώτης | ||
| 502 | |a Διατριβή (μεταπτυχιακή) – Πανεπιστήμιο Αιγαίου, Ρόδος, 2013. | ||
| 504 | |a Βιβλιογραφία: σ. 54-67 | ||
| 650 | 0 | 0 | |a Nationalism |z Turkey. |
| 650 | 0 | 0 | |a Political parties |z Turkey |x History |y 20th century. |
| 650 | 0 | 0 | |a Dissertations, Academic |z Greece. |
| 651 | 0 | |a Arab countries |x Foreign relations |z Turkey. | |
| 651 | 0 | |a Egypt |x Politics and government. | |
| 651 | 0 | |a Turkey |x Foreign relations |z Arab countries. | |
| 700 | 1 | |a Κεφαλά, Παρασκευή. |4 ths | |
| 710 | 2 | |a Πανεπιστήμιο Αιγαίου |b Σχολή Ανθρωπιστικών Επιστημών |b Τμήμα Μεσογειακών Σπουδών |b Πρόγραμμα Μεταπτυχιακών Σπουδών Πολιτικές, Οικονομικές και Διεθνείς Σχέσεις στη Μεσόγειο. | |
| 852 | |a INST |b RHODES |c DIATR |e 20140221 |h 324.256 ΑΘΑ |p 005400036228 |q 005400036228 |t MTXE |y 23 | ||
| 852 | |a INST |b RHODES |c DIATR |e 20140221 |h 324.256 ΑΘΑ |p 005400036229 |q 005400036229 |t MTXE |y 23 | ||
| 856 | |u http://hdl.handle.net/11610/12326 | ||
| 901 | |a BIBL4-2014-1 | ||
| 909 | |a Ρ |b 182734 | ||
| 909 | |a Ρ |b 182735 | ||
| 924 | |a ΑΘΑΝΑΣΟΠΟΥΛΟΣ |b ΠΑΝΑΓΙΩΤΗΣ Γ. |y ΡΟΔΟΣ |z 2014-01 | ||
| 970 | |z 2014/02/21 | ||